000 00877cam a22002778i 4500
001 18476715
005 20210412091510.0
008 150203s2015 miu 000 0 eng
010 _a 2014048981
020 _a9780825442711
040 _aDLC
_beng
_cDLC
_erda
042 _apcc
100 1 _aBandy, Alan S.
245 1 0 _aUnderstanding prophecy :
_ba biblical-theological approach /
_cAlan S. Bandy, Benjamin L. Merkle.
260 _aGrand Rapids, MI :
_bKregel Publications, a division of Kregel, Inc.,
_c[2015]
263 _a1511
300 _a264 pages
_c23 cm.
336 _atext
_2rdacontent
337 _aunmediated
_2rdamedia
338 _avolume
_2rdacarrier
630 0 0 _aBible
_xProphecies.
700 1 _aMerkle, Benjamin L.,
_d1971-
906 _a7
_bcbc
_corignew
_d1
_eecip
_f20
_gy-gencatlg
942 _2lcc
_cBK
999 _c49532
_d49532